| 000 | 00913nam a22003137a 4500 | ||
|---|---|---|---|
| 001 | BR9704597 | ||
| 003 | BR-BrBNA | ||
| 005 | 20230928095737.0 | ||
| 007 | ta | ||
| 008 | 230509b bl.||||| |||| 00| 0 por d | ||
| 040 |
_aBR-BrBNA _bpor _cBiblioteca Nacional de Agricultura |
||
| 041 | _a(Por) | ||
| 072 | _aP01 | ||
| 090 | _ P01 BR9704597 | ||
| 110 | 1 | _aMinisterio do Meio Ambiente, dos Recursos Hidricos e da Amazonia Legal, Brasilia, DF (Brasil) | |
| 245 | 1 | _aDesenvolvimento sustentavel: cem experiencias brasileiras | |
| 260 | 3 |
_aBrasilia, DF (Brasil): _c1997. |
|
| 300 | _a[vp] | ||
| 650 | _aAgricultura Sustentavel | ||
| 650 | _aCondicao Ambiental | ||
| 650 | _aPoluicao Ambiental | ||
| 650 | _aZona Urbana | ||
| 650 | _aEducacao Sanitaria | ||
| 650 | _aEcologia Florestal | ||
| 650 | _aResiduo | ||
| 650 | _aPolitica Ambiental | ||
| 909 |
_a202309 _bLucia _c55 _dLucia Elande |
||
| 942 | _cBK | ||
| 999 |
_c58414 _d58414 |
||